LDR 00657naa#a2200169#i#450# 001 RU\\bibl\120435 005 20260426112924.7 011 ## _a2782-4586 100 ## _a20260331b2026####ek#y0rusy0150####ca 102 ## _aRU 200 1# _aЦифровизация аутсорсинга закупок в Российской Федерации: реалии и перспективы _eЖурнальная статья 210 1# _aМосква _cУниверситет ИТБО _d2026 215 ## _a5 с. 608 ## _aЖурнальная статья _2local 675 ## _aУправление экономикой. 338.24 _z 700 #1 _aЛёвкина _gА. С. 856 4# _ajomeam.ru _u